000 00452nam a2200157 4500
001 136844
003 ES-MaACL
005 20230906195236.0
007 t|
008 070214s1976 sp r ||||1| spa d
245 0 0 _aAntropologías del siglo XX /
_cdirigido por Juan de Sahagún Lucas.
260 _aSalamanca :
_bSígueme,
_c1976.
300 _a277 p. ;
_c22 cm.
700 1 _aLucas, Juan de Sahagún.
_974534
852 _aES-MaACL
_jF-7244
_bR.94952
999 _c136844
_d136844